[Event "4th Baskent University Open 2019"]
[Site "Ankara"]
[Date "2019.06.21"]
[Round "7"]
[White "Guliev, Logman"]
[Black "Sakalli, Mustafa"]
[Result "1-0"]
[WhiteElo "2320"]
[BlackElo "1916"]
[Annotator "TA"]
[PlyCount "69"]
[EventDate "2019.06.18"]
[EventType "swiss"]
[EventCountry "TUR"]
[SourceTitle "playchess.com"]
[Source "ChessBase"]
[SourceQuality "1"]

{[%evp 33,69,20,26,19,35,31,184,178,172,173,164,170,179,164,299,318,313,302,292,227,314,196,177,177,181,177,285,286,293,281,393,391,662,655,729,560,1767,1729]} 1. e4 e5 2. Nf3 Nc6 3. Bb5 a6 4. Ba4 Nf6 5. O-O Be7 6. Re1 b5 7. Bb3 d6 8. c3 O-O 9. h3 Nb8 10. d4 Nbd7 11. Nbd2 Bb7 12. Bc2 Re8 13. Nf1 Bf8 14. Ng3 g6 15. a4 c5 16. d5 c4 17. Bg5 Bg7 18. Qd2 {C95: Closed Ruy Lopez: Breyer Variation with 10 d4} Qc7 (18... Rb8 19. Nh2 Bc8 20. Ng4 Nc5 21. Nh6+ Bxh6 22. Bxh6 bxa4 23. Ra2 a3 24. bxa3 Nfd7 25. f4 a5 {1-0 (47) Anand,V (2804)-Carlsen,M (2876) Stavanger 2015}) 19. Bh6 Nc5 $2 (19... Bxh6 $14 20. Qxh6 Rec8) 20. Bxg7 $18 {White is clearly better.} Kxg7 {[#]} 21. Nf5+ $1 {[%mdl 512]} Kh8 $146 {[#]} (21... gxf5 22. Qg5+) ({Predecessor:} 21... Kg8 22. Nh6+ Kh8 23. Ng5 Rf8 24. axb5 axb5 25. Rxa8 Bxa8 {1-0 (35) Serafimovic,T-Mandic,M Yugoslavia 1992}) 22. Qh6 $1 {[%csl Gf5][%cal Rh6g7][%mdl 512]} Rg8 23. axb5 axb5 (23... Ncxe4 {was worth a try.} 24. Bxe4 Nxe4 25. Rxe4 gxf5) 24. Rxa8 Bxa8 25. Ng5 gxf5 26. Qxf6+ $40 {[%mdl 192] Double Attack. White has strong attack.} Rg7 27. Qxf5 Bb7 28. Ra1 Kg8 29. f4 Nd7 (29... Bc8 $142 30. Ra7 (30. Ra8 Nd7 $16) 30... Bb7) 30. Kh2 exf4 31. Nf3 ({Don't play} 31. Qxf4 $6 Ne5 $18) 31... Bc8 32. Qxf4 Qc5 $2 (32... Ne5 33. Nxe5 dxe5) 33. Nd4 {White is clearly winning.} Nf8 34. Ra8 Bd7 {[#]} 35. Qf6 $1 {Accuracy: White = 88%, Black = 28%.} 1-0

[Event "4th Baskent University Open 2019"]
[Site "Ankara"]
[Date "2019.06.21"]
[Round "7"]
[White "Babayev, Talib"]
[Black "Gulden, Egemen"]
[Result "0-1"]
[WhiteElo "2290"]
[BlackElo "2120"]
[Annotator "TA"]
[PlyCount "42"]
[EventDate "2019.06.18"]
[EventType "swiss"]
[EventCountry "TUR"]
[SourceTitle "playchess.com"]
[Source "ChessBase"]
[SourceQuality "1"]

{[%evp 9,42,7,56,-28,-27,-26,-34,-43,-23,-30,-36,-37,-19,-20,-12,-45,46,53,144,141,160,153,225,168,277,101,118,-59,-72,-930,-929,-29997,-29998,-29998,-29999]} 1. e4 c5 2. Nc3 e6 3. d4 (3. Nf3 a6 4. d4 cxd4 5. Nxd4 Qc7 6. g3 Bb4 7. Bd2 Nf6 8. Bg2 O-O 9. O-O Bc5 10. Nb3 Be7 11. f4 d6 12. g4 b5 13. g5 Nfd7 14. a3 Bb7 15. Be3 Nc6 16. Qh5 {1-0 (43) Guseinov,G (2664)-Caruana,F (2828) chess.com INT 2019}) 3... cxd4 4. Qxd4 Nc6 5. Qd3 d6 $146 ({Predecessor:} 5... a6 6. Bf4 b5 7. O-O-O Qa5 8. Kb1 Nge7 9. Bd6 Ng6 10. Bxf8 Rxf8 {½-½ (52) Najer,E (2679)-Vitiugov,N (2726) Doha 2016}) 6. b3 {B23: Closed Sicilian: Lines without g3} (6. Bf4 $14) 6... Nf6 $11 7. Bb2 Be7 8. O-O-O {Black is slightly better.} O-O 9. f4 a6 10. Nf3 Qa5 11. Kb1 d5 {aiming for ...dxe4.} 12. exd5 Nb4 ({Better is} 12... exd5 $15 13. Na4 (13. Nxd5 $2 Nxd5 14. Qd2 Bb4 $19) 13... Re8) 13. Qd2 $1 $14 Nbxd5 (13... Rd8 $14) 14. Nxd5 $16 Qxd5 15. Bd3 $1 b5 (15... Rd8 $16 {was called for.} 16. Qe1 Qc5) 16. Qe1 $18 Qc5 (16... Qb7 {might work better.} 17. Ng5 h6 18. Bxf6 gxf6) 17. Bxf6 $2 (17. Ng5 $1 $18 {And now Bxf6 would win.} g6 18. Ne4 Nxe4 19. Bxe4) 17... Bxf6 $16 {[#]} 18. Qe4 $2 ({White has to play} 18. Bxh7+ $1 $16 {[%mdl 512]} Kh8 (18... Kxh7 19. Qe4+) 19. Be4) 18... g6 $40 {[%mdl 128] White is in trouble.} 19. Qxa8 $4 {[%mdl 8192] [#]} (19. Ne5 $17 Ra7 20. c4) 19... Bc3 $1 $19 {( -> ...Qa3)} 20. Bxg6 Qa3 {[%csl Gc3][%cal Ra3b2]} 21. Bxf7+ Kh8 {Accuracy: White = 35%, Black = 42%.} 0-1

[Event "4th Baskent University Open 2019"]
[Site "Ankara"]
[Date "2019.06.21"]
[Round "7"]
[White "Kazimova, Narmin"]
[Black "Nikcevic, Nebojsa"]
[Result "1-0"]
[WhiteElo "2271"]
[BlackElo "2420"]
[Annotator "NA RC"]
[PlyCount "85"]
[EventDate "2019.06.18"]
[EventType "swiss"]
[EventCountry "TUR"]
[SourceTitle "playchess.com"]
[Source "ChessBase"]
[SourceQuality "1"]
[TimeControl "5400+30"]

1. c4 {[%emt 0:00:30]} e5 {[%emt 0:05:30]} 2. Nc3 {[%emt 0:00:30]} Nf6 {[%emt 0:00:00]} 3. Nf3 {[%emt 0:03:30]} Nc6 {[%emt 0:00:00]} 4. d4 {[%emt 0:05:30]} exd4 {[%emt 0:01:30]} 5. Nxd4 {[%emt 0:00:30]} Bb4 {[%emt 0:00:00]} 6. Bg5 {[%emt 0:00:30]} h6 {[%emt 0:03:00]} 7. Bh4 {[%emt 0:03:30]} Bxc3+ {[%emt 0:01:30]} 8. bxc3 {[%emt 0:00:30]} Ne5 {[%emt 0:00:30]} 9. f4 {[%emt 0:02:30]} Ng6 {[%emt 0:04:30]} 10. Bxf6 {[%emt 0:00:30]} Qxf6 {[%emt 0:00:00]} 11. g3 {[%emt 0:00:30]} O-O {[%emt 0:09:00]} 12. Bg2 {[%emt 0:11:30]} d6 {[%emt 0:03:30]} 13. O-O {[%emt 0:02:30]} c6 {[%emt 0:00:30]} 14. Rb1 {[%emt 0:04:30]} Rd8 {[%emt 0:03:30]} 15. e4 {[%emt 0:08:30]} Nf8 {[%emt 0:02:30]} 16. Qh5 {[%emt 0:02:30]} Qe7 {[%emt 0:02:30]} 17. Rbe1 {[%emt 0:09:30]} Nh7 {[%emt 0:01:30]} 18. Bh3 {[%emt 0:16:30]} Qf8 {[%emt 0:31:30]} 19. Bxc8 {[%emt 0:12:57]} Raxc8 {[%emt 0:00:30]} 20. e5 {[%emt 0:02:22]} Re8 {[%emt 0:03:30]} 21. Kh1 {[%emt 0:04:44]} g6 {[%emt 0:13:20]} 22. Qh4 {[%emt 0:00:53]} dxe5 {[%emt 0:00:30]} 23. fxe5 {[%emt 0:00:00]} Qg7 {[%emt 0:00:00]} 24. e6 {[%emt 0:00:57]} f6 {[%emt 0:02:15]} 25. Re3 {[%emt 0:02:07]} Re7 {[%emt 0:00:09]} 26. Qf4 {[%emt 0:01:20]} h5 {[%emt 0:05:55]} 27. g4 {[%emt 0:01:02]} hxg4 {[%emt 0:01:35]} 28. Qxg4 {[%emt 0:00:01]} c5 {[%emt 0:00:28]} 29. Nb5 {[%emt 0:01:22]} Rc6 {[%emt 0:00:27]} 30. Nxa7 {[%emt 0:01:13]} f5 {[%emt 0:00:12]} 31. Qe2 {[%emt 0:00:09]} Ra6 {[%emt 0:00:47]} 32. Nc8 {[%emt 0:02:23]} Re8 {[%emt 0:00:04]} 33. e7 {[%emt 0:00:00]} Nf6 {[%emt 0:04:17]} 34. Rd1 {[%emt 0:01:27]} Qh6 {[%emt 0:00:05]} 35. Re6 {[%emt 0:00:01]} Ne4 {[%emt 0:01:08]} 36. Rxe4 {[%emt 0:00:30]} fxe4 {[%emt 0:00:29]} 37. Qxe4 {[%emt 0:00:29]} Rxa2 {[%emt 0:00:18]} 38. Qe6+ {[%emt 0:00:52]} Kg7 {[%emt 0:00:04]} 39. Qe5+ {[%emt 0:00:00]} Kh7 {[%emt 0:00:06]} 40. Rf1 {[%emt 0:00:37]} Qh3 {[%emt 0:02:20]} 41. Rf7+ {[%emt 0:00:46]} Kh6 {[%emt 0:00:02]} 42. Qf4+ {[%emt 0:00:21]} g5 {[%emt 0:00:06]} 43. Qf6+ {[%emt 0:00:00]} 1-0

[Event "4th Baskent University Open 2019"]
[Site "Ankara"]
[Date "2019.06.21"]
[Round "7"]
[White "Darban, Morteza"]
[Black "Saraci, Nderim"]
[Result "1/2-1/2"]
[WhiteElo "2264"]
[BlackElo "2377"]
[Annotator "TA"]
[PlyCount "47"]
[EventDate "2019.06.18"]
[EventType "swiss"]
[EventCountry "TUR"]
[SourceTitle "playchess.com"]
[Source "ChessBase"]
[SourceQuality "1"]

{[%evp 19,47,-6,25,8,26,4,13,10,23,8,30,21,16,15,19,0,12,14,8,5,10,12,7,0,0,0,21,0,0,0]} 1. e4 e5 2. Nf3 Nc6 3. Bc4 Bc5 4. c3 Nf6 5. d3 O-O 6. O-O d6 7. b4 Bb6 8. a4 a6 9. a5 Ba7 10. Qb3 Qe7 11. h3 {C54: Giuoco Piano: 4 c3 Nf6, main lines with 5 d4 and 5 d3} (11. Bg5 Be6 12. Nbd2 h6 13. Be3 Bxe3 14. fxe3 Bxc4 15. Nxc4 Qe6 16. Nfd2 d5 17. exd5 Qxd5 18. Qc2 Rad8 {0-1 (60) Vajda,L (2613)-Vasile,C (2171) Mamaia 2013}) 11... Be6 12. Re1 $146 ({Predecessor:} 12. Na3 Rad8 13. Bd5 Qd7 14. Ng5 Bxd5 15. exd5 Ne7 {1-0 (33) Lavrik,D (2304)-Nuri,K (2127) Herceg Novi 2006}) 12... Bxc4 13. Qxc4 Qd7 14. Bg5 Nh5 15. Nbd2 h6 {The position is equal.} 16. Be3 Bxe3 17. Rxe3 Nf6 18. Qb3 d5 19. exd5 Qxd5 20. Qb2 Rfe8 21. Rae1 Qb5 22. Rb1 Qd5 23. Rbe1 Qb5 24. Rb1 {Accuracy: White = 47%, Black = 74%.} 1/2-1/2

[Event "4th Baskent University Open 2019"]
[Site "Ankara"]
[Date "2019.06.21"]
[Round "7"]
[White "Aydincelebi, Kagan"]
[Black "Grigoriev, Armen"]
[Result "1-0"]
[WhiteElo "2258"]
[BlackElo "1986"]
[Annotator "TA"]
[PlyCount "103"]
[EventDate "2019.06.18"]
[EventType "swiss"]
[EventCountry "TUR"]
[SourceTitle "playchess.com"]
[Source "ChessBase"]
[SourceQuality "1"]

{[%evp 15,103,37,36,6,8,12,17,-22,7,7,24,32,30,23,39,25,44,41,54,43,125,59,51,30,34,21,34,40,54,57,68,31,29,30,31,39,36,0,24,31,120,120,122,115,114,106,114,114,132,135,140,132,127,103,196,191,191,211,208,199,206,209,214,182,340,330,486,498,492,473,602,582,610,600,599,586,595,572,362,354,634,582,903,845,29982,29983,29982,29983,29986,29987]} 1. e4 e5 2. Nf3 Nc6 3. Bb5 a6 4. Ba4 d6 5. O-O Bd7 6. c3 g6 7. d4 Bg7 8. Be3 Nf6 9. d5 {C76: Ruy Lopez: Deferred Steinitz: 5 c3 Bd7 6 d4 g6} (9. Nbd2 Ng4 10. Bg5 f6 11. Bh4 Qe7 12. b4 h5 13. Bg3 O-O 14. Re1 Nh6 15. Nf1 g5 16. Bb3+ Kh7 17. dxe5 Nxe5 18. Bxe5 fxe5 {½-½ (61) Yu,Y (2751)-Mamedyarov,S (2799) Huaian 2017}) 9... Ne7 10. Bxd7+ Qxd7 11. Nfd2 {The position is equal.} O-O 12. f3 $146 ({Predecessor:} 12. c4 Ng4 13. Bg5 f6 14. Bh4 f5 15. Nc3 h6 16. h3 Nf6 {0-1 (53) Drakoulakos,G (2334)-Yakubboev,N (2144) Gyor 2014}) 12... Nh5 13. c4 f5 14. Nc3 Nf4 15. Kh1 Rf7 16. c5 fxe4 17. fxe4 dxc5 ({Black should try} 17... Raf8 $14) 18. Bxc5 (18. g3 $1 $16) 18... b6 $14 19. Be3 {Hoping for g3.} Raf8 20. Bxf4 Rxf4 21. Rxf4 Rxf4 22. Qe2 a5 23. Rd1 Nc8 24. Nc4 Nd6 25. Nxd6 Qxd6 26. Qc4 Rf7 27. Nb5 Qb4 ({Black should play} 27... Qd7 $1 $14) 28. Qxb4 $16 axb4 {[%mdl 4096] Endgame [#] KRB-KRN} 29. g3 $1 Bf8 30. Kg2 Kg7 31. Rf1 Rd7 32. Kf3 Bc5 33. Ke2 h5 34. h3 Be7 {[#]} (34... Bf8 $16) 35. Na7 $1 $18 c5 36. Nc6 Bd6 37. a4 bxa3 38. bxa3 b5 39. Rb1 c4 $2 (39... b4) 40. Rxb5 Bxa3 (40... h4 {keeps fighting.} 41. gxh4 Bxa3) 41. Nxe5 {[%mdl 64] Double Attack} Rc7 {intending ...c3.} 42. Nc6 c3 {White must now prevent ...c2.} 43. Kd3 Bd6 44. Kxc3 Bxg3 45. Kd4 g5 46. e5 g4 47. hxg4 h4 $2 (47... Bf2+ 48. Kd3 hxg4) 48. Ke3 Kg6 49. d6 Rxc6 50. d7 {White mates.} Rc3+ 51. Kd2 Be1+ 52. Ke2 {Accuracy: White = 80%, Black = 32%.} 1-0

[Event "4th Baskent University Open 2019"]
[Site "Ankara"]
[Date "2019.06.21"]
[Round "7"]
[White "Mohannad, Farhan"]
[Black "Olcum, Ahmet"]
[Result "1/2-1/2"]
[WhiteElo "2193"]
[BlackElo "2315"]
[Annotator "TA"]
[PlyCount "65"]
[EventDate "2019.06.18"]
[EventType "swiss"]
[EventCountry "TUR"]
[SourceTitle "playchess.com"]
[Source "ChessBase"]
[SourceQuality "1"]

{[%evp 11,65,33,49,25,29,22,56,27,25,14,36,23,34,42,33,47,55,40,52,25,23,0,0,0,0,0,0,-22,-17,-23,-18,-37,-17,-31,-25,-17,0,0,4,-27,-21,-60,-58,-79,-70,-67,143,125,143,148,201,221,214,221,199,129]} 1. d4 d6 2. Nf3 g6 3. c4 Bg7 4. Nc3 Nc6 5. d5 Ne5 6. Nxe5 Bxe5 7. g3 {A41: 1 d4 d6: Tartakower System and Modern Defence} (7. e4 Nf6 8. Bd3 O-O 9. O-O e6 10. h3 exd5 11. cxd5 Nh5 12. f4 Bd4+ 13. Kh2 Qh4 14. Qe1 Qxe1 15. Rxe1 {0-1 (47) Akobian,V (2625)-Nakamura,H (2746) Saint Louis 2019}) 7... c6 8. Bg2 cxd5 9. cxd5 {White is slightly better.} Bd7 $146 ({Predecessor:} 9... Qa5 10. Bd2 Nf6 11. f4 Bd4 12. e3 Bb6 13. a3 Qc5 14. Rc1 Qc7 {1-0 (36) Griffin,D-Oduko,O Sharjah 1985}) 10. O-O h5 11. Bf4 Bxf4 12. gxf4 Nf6 13. e4 Qb6 14. e5 Ng4 15. h3 Nh6 $1 16. Rc1 O-O 17. Qd2 Nf5 18. Rfe1 Rac8 19. Rcd1 Rc4 20. Re4 Rfc8 21. Kh2 Be8 22. Bf3 Nh4 23. Bh1 Qb4 24. a3 $36 {[%mdl 2048] White has the initiative.} Qb3 25. exd6 exd6 26. Rg1 Bd7 27. Rg3 {[%cal Bg1g3,Bg3d3,Bd3c3][%mdl 32]} Nf5 28. Rd3 b5 $2 (28... Kf8 $15) 29. Bf3 $1 $16 b4 30. Bd1 {[#]White is clearly better.} bxc3 (30... Qxc3 $1 $16 {[%mdl 512]} 31. bxc3 Rxe4) 31. Bxb3 $18 Rxe4 32. Rxc3 Rce8 {[#] aiming for ...Re2.} 33. Bc4 {Accuracy: White = 47%, Black = 41%.} (33. Bd1 $1 $18) 1/2-1/2

[Event "4th Baskent University Open 2019"]
[Site "Ankara"]
[Date "2019.06.21"]
[Round "7"]
[White "Yilmaz, Goktan"]
[Black "Guseynov, Alihan"]
[Result "1/2-1/2"]
[WhiteElo "2155"]
[BlackElo "2274"]
[Annotator "TA"]
[PlyCount "47"]
[EventDate "2019.06.18"]
[EventType "swiss"]
[EventCountry "TUR"]
[SourceTitle "playchess.com"]
[Source "ChessBase"]
[SourceQuality "1"]

{[%evp 21,47,53,64,29,49,49,49,50,51,53,51,51,52,50,46,0,0,0,-4,-11,-12,-12,-12,-13,-11,-14,-10,-16]} 1. e4 c5 2. Nf3 Nc6 3. d4 cxd4 4. Nxd4 e5 5. Nb5 d6 6. N1c3 a6 7. Na3 b5 8. Nd5 Nge7 9. c4 ({Predecessor:} 9. Bg5 Qa5+ 10. Bd2 Qd8 11. c4 Nd4 12. cxb5 Nxd5 13. exd5 Be7 14. Bc3 O-O {½-½ (46) Juarez de Vena,A (2098)-Almarza Mato,C (1977) ICCF email 2010}) 9... Nd4 10. cxb5 Nxd5 11. exd5 Be7 12. Be3 $146 {B32: Sicilian: Löwenthal and Kalashnikov Variations} (12. Bd3 O-O 13. O-O f5 14. Be3 Nxb5 15. Nc4 Rb8 16. f3 Bb7 17. a4 Nd4 18. Bxd4 exd4 19. a5 Bxd5 20. Nb6 {0-1 (48) Martinez Alcantara,J (2561)-Naiditsch,A (2711) Linares 2018}) 12... O-O 13. Bxd4 exd4 14. Bd3 {White is slightly better.} ({Much weaker is} 14. Qxd4 axb5 15. Nxb5 Bf6 $17) 14... axb5 15. Nxb5 Qa5+ 16. Qd2 Bf5 {[#] White must now prevent ...Bxd3.} 17. Qxa5 Rxa5 18. Bc4 Bd7 $1 {[%cal Rd7b5] The position is equal.} 19. a4 Rfa8 $36 {[%mdl 2048] Threatens to win with ...Bxb5. Black is more active.} 20. O-O Rxa4 21. Rxa4 Rxa4 22. b3 {[#]} Bxb5 $1 {[%mdl 512]} 23. Bxb5 Ra2 24. g3 1/2-1/2

[Event "4th Baskent University Open 2019"]
[Site "Ankara"]
[Date "2019.06.21"]
[Round "7"]
[White "Kizilkus, Akin"]
[Black "Pacher, Milan"]
[Result "1/2-1/2"]
[WhiteElo "2131"]
[BlackElo "2434"]
[Annotator "NA RC"]
[PlyCount "104"]
[EventDate "2019.06.18"]
[EventType "swiss"]
[EventCountry "TUR"]
[SourceTitle "playchess.com"]
[Source "ChessBase"]
[SourceQuality "1"]
[TimeControl "5400+30"]

1. d4 {[%emt 0:00:30]} Nf6 {[%emt 0:00:30]} 2. c4 {[%emt 0:00:30]} c5 {[%emt 0:00:30]} 3. d5 {[%emt 0:00:30]} e6 {[%emt 0:00:30]} 4. Nc3 {[%emt 0:00:30]} exd5 {[%emt 0:00:30]} 5. cxd5 {[%emt 0:00:30]} d6 {[%emt 0:00:30]} 6. e4 {[%emt 0:00:00]} g6 {[%emt 0:00:00]} 7. Bd3 {[%emt 0:00:00]} Bg7 {[%emt 0:00:00]} 8. h3 {[%emt 0:00:00]} O-O {[%emt 0:00:00]} 9. Bg5 {[%emt 0:00:00]} a6 {[%emt 0:02:00]} 10. a4 {[%emt 0:00:00]} Nbd7 {[%emt 0:00:00]} 11. Nf3 {[%emt 0:00:00]} Re8 {[%emt 0:01:00]} 12. O-O {[%emt 0:00:00]} Qc7 {[%emt 0:02:30]} 13. Re1 {[%emt 0:00:00]} h6 {[%emt 0:06:30]} 14. Be3 {[%emt 0:01:30]} c4 {[%emt 0:04:30]} 15. Bc2 {[%emt 0:00:30]} Nc5 {[%emt 0:00:30]} 16. Bd4 {[%emt 0:07:30]} Bd7 {[%emt 0:01:30]} 17. e5 {[%emt 0:08:30]} dxe5 {[%emt 0:00:30]} 18. Nxe5 {[%emt 0:16:30]} Nh5 {[%emt 0:02:30]} 19. d6 {[%emt 0:03:30]} Qxd6 {[%emt 0:06:30]} 20. Bxc5 {[%emt 0:03:30]} Qxc5 {[%emt 0:00:00]} 21. Nxd7 {[%emt 0:02:30]} Qc7 {[%emt 0:00:00]} 22. Rxe8+ {[%emt 0:03:30]} Rxe8 {[%emt 0:00:00]} 23. a5 {[%emt 0:11:30]} Rd8 {[%emt 0:02:00]} 24. Ba4 {[%emt 0:01:30]} Qxa5 {[%emt 0:00:00]} 25. Nd5 {[%emt 0:13:30]} Bxb2 {[%emt 0:07:00]} 26. Rb1 {[%emt 0:01:30]} c3 {[%emt 0:00:30]} 27. g4 {[%emt 0:03:30]} Ng7 {[%emt 0:04:30]} 28. N5f6+ {[%emt 0:01:30]} Kh8 {[%emt 0:08:30]} 29. Bb3 {[%emt 0:02:56]} Qg5 {[%emt 0:06:30]} 30. Qe2 {[%emt 0:02:53]} c2 {[%emt 0:00:30]} 31. Bxc2 {[%emt 0:01:56]} Bxf6 {[%emt 0:00:30]} 32. Nxf6 {[%emt 0:00:55]} Qxf6 {[%emt 0:00:00]} 33. Rxb7 {[%emt 0:00:00]} Ne6 {[%emt 0:01:00]} 34. Rb6 {[%emt 0:01:36]} Kg7 {[%emt 0:08:30]} 35. Qe3 {[%emt 0:01:51]} Qg5 {[%emt 0:03:30]} 36. Qc3+ {[%emt 0:03:31]} Nd4 {[%emt 0:01:30]} 37. Bxg6 {[%emt 0:01:22]} Qe5 {[%emt 0:01:30]} 38. Qe3 {[%emt 0:01:21]} Qc5 {[%emt 0:04:30]} 39. Rxa6 {[%emt 0:04:30]} fxg6 {[%emt 0:00:30]} 40. Rc6 {[%emt 0:00:05]} Qd5 {[%emt 0:04:30]} 41. Qe7+ {[%emt 0:01:55]} Qf7 {[%emt 0:00:30]} 42. Rxg6+ {[%emt 0:00:30]} Kxg6 {[%emt 0:00:30]} 43. Qxd8 {[%emt 0:00:30]} Ne2+ {[%emt 0:00:30]} 44. Kg2 {[%emt 0:00:04]} Nf4+ {[%emt 0:01:30]} 45. Kg3 {[%emt 0:01:11]} Nd5 {[%emt 0:00:30]} 46. Qd6+ {[%emt 0:00:41]} Nf6 {[%emt 0:00:30]} 47. h4 {[%emt 0:00:13]} Qb3+ {[%emt 0:00:30]} 48. f3 {[%emt 0:00:15]} Qc3 {[%emt 0:00:30]} 49. Qe7 {[%emt 0:00:38]} Qd4 {[%emt 0:03:30]} 50. h5+ {[%emt 0:00:34]} Nxh5+ {[%emt 0:00:30]} 51. gxh5+ {[%emt 0:00:08]} Kf5 {[%emt 0:00:30]} 52. Qf7+ {[%emt 0:00:16]} Qf6 {[%emt 0:00:00]} 1/2-1/2

[Event "4th Baskent University Open 2019"]
[Site "Ankara"]
[Date "2019.06.21"]
[Round "7"]
[White "Yildirim, Ibrahim Halil"]
[Black "Ipek, Yunus Enes"]
[Result "1-0"]
[WhiteElo "1787"]
[BlackElo "1628"]
[Annotator "NA RC"]
[PlyCount "43"]
[EventDate "2019.06.18"]
[EventType "swiss"]
[EventCountry "TUR"]
[SourceTitle "playchess.com"]
[Source "ChessBase"]
[SourceQuality "1"]
[TimeControl "5400+30"]

1. e4 {[%emt 0:00:30]} c5 {[%emt 0:21:30]} 2. Nf3 {[%emt 0:00:00]} a6 {[%emt 0:00:00]} 3. c4 {[%emt 0:06:00]} d6 {[%emt 0:02:00]} 4. d4 {[%emt 0:01:30]} cxd4 {[%emt 0:00:30]} 5. Nxd4 {[%emt 0:00:00]} Nf6 {[%emt 0:00:30]} 6. Nc3 {[%emt 0:00:00]} g6 {[%emt 0:00:30]} 7. Be3 {[%emt 0:01:30]} Ng4 {[%emt 0:02:30]} 8. Bg5 {[%emt 0:02:30]} h6 {[%emt 0:02:30]} 9. Bh4 {[%emt 0:01:30]} Qb6 {[%emt 0:01:30]} 10. Nd5 {[%emt 0:05:30]} Qd8 {[%emt 0:04:30]} 11. Be2 {[%emt 0:08:30]} Ne5 {[%emt 0:01:30]} 12. f4 {[%emt 0:10:30]} g5 {[%emt 0:03:30]} 13. fxe5 {[%emt 0:11:30]} gxh4 {[%emt 0:02:30]} 14. Bh5 {[%emt 0:05:30]} dxe5 {[%emt 0:00:30]} 15. O-O {[%emt 0:06:30]} exd4 {[%emt 0:03:30]} 16. Bxf7+ {[%emt 0:00:00]} Kd7 {[%emt 0:00:30]} 17. Qxd4 {[%emt 0:00:00]} Bg7 {[%emt 0:02:30]} 18. Nb6+ {[%emt 0:02:30]} Kc6 {[%emt 0:03:30]} 19. Bd5+ {[%emt 0:00:30]} Kd6 {[%emt 0:02:30]} 20. c5+ {[%emt 0:00:00]} Kc7 {[%emt 0:00:00]} 21. Nxa8+ {[%emt 0:00:00]} Kd7 {[%emt 0:00:00]} 22. Qxg7 {[%emt 0:00:00]} 1-0

[Event "4th Baskent University Open 2019"]
[Site "Ankara"]
[Date "2019.06.21"]
[Round "7"]
[White "Shapovalovi, Vasiko"]
[Black "Sinay, Ahmet"]
[Result "1-0"]
[WhiteElo "1759"]
[BlackElo "1636"]
[Annotator "NA"]
[PlyCount "41"]
[EventDate "2019.06.18"]
[EventType "swiss"]
[EventCountry "TUR"]
[SourceTitle "playchess.com"]
[Source "ChessBase"]
[SourceQuality "1"]
[TimeControl "5400+30"]

1. c4 {[%emt 0:00:30]} Nf6 {[%emt 0:00:30]} 2. Nc3 {[%emt 0:00:30]} g6 {[%emt 0:00:30]} 3. g3 {[%emt 0:00:00]} Bg7 {[%emt 0:00:30]} 4. Bg2 {[%emt 0:00:00]} O-O {[%emt 0:00:00]} 5. d3 {[%emt 0:00:30]} d6 {[%emt 0:00:00]} 6. e3 {[%emt 0:00:30]} c5 {[%emt 0:03:30]} 7. Nge2 {[%emt 0:00:00]} Nc6 {[%emt 0:00:30]} 8. O-O {[%emt 0:02:00]} e6 {[%emt 0:01:30]} 9. Rb1 {[%emt 0:00:30]} Qd7 {[%emt 0:04:30]} 10. a3 {[%emt 0:01:30]} Rb8 {[%emt 0:00:30]} 11. b4 {[%emt 0:06:30]} b6 {[%emt 0:00:30]} 12. d4 {[%emt 0:02:30]} Bb7 {[%emt 0:01:30]} 13. dxc5 {[%emt 0:01:30]} dxc5 {[%emt 0:01:30]} 14. bxc5 {[%emt 0:02:30]} bxc5 {[%emt 0:00:00]} 15. Qxd7 {[%emt 0:00:00]} Nxd7 {[%emt 0:00:00]} 16. Rxb7 {[%emt 0:00:00]} Rxb7 {[%emt 0:00:30]} 17. Bxc6 {[%emt 0:00:30]} Rc7 {[%emt 0:00:30]} 18. Bb5 {[%emt 0:06:30]} Ra8 {[%emt 0:00:30]} 19. Rd1 {[%emt 0:01:30]} Nb6 {[%emt 0:01:30]} 20. Ba6 {[%emt 0:00:30]} Nd7 {[%emt 0:01:30]} 21. Nb5 {[%emt 0:00:30]} 1-0

[Event "4th Baskent University Open 2019"]
[Site "Ankara"]
[Date "2019.06.21"]
[Round "7"]
[White "Sahin, Arda"]
[Black "Taban, Yagiz"]
[Result "1-0"]
[WhiteElo "1710"]
[BlackElo "1654"]
[Annotator "NA RC"]
[PlyCount "36"]
[EventDate "2019.06.18"]
[EventType "swiss"]
[EventCountry "TUR"]
[SourceTitle "playchess.com"]
[Source "ChessBase"]
[SourceQuality "1"]
[TimeControl "5400+30"]

1. Nf3 {[%emt 0:00:30]} Nf6 {[%emt 0:00:30]} 2. d4 {[%emt 0:00:30]} e6 {[%emt 0:00:30]} 3. Bf4 {[%emt 0:00:30]} b6 {[%emt 0:00:30]} 4. e3 {[%emt 0:00:00]} Bb7 {[%emt 0:00:30]} 5. Nbd2 {[%emt 0:00:00]} d5 {[%emt 0:00:30]} 6. Bd3 {[%emt 0:00:30]} Nbd7 {[%emt 0:03:30]} 7. c3 {[%emt 0:01:30]} Be7 {[%emt 0:05:30]} 8. Ne5 {[%emt 0:02:30]} Nxe5 {[%emt 0:09:30]} 9. Bxe5 {[%emt 0:08:30]} Bd6 {[%emt 0:12:30]} 10. f4 {[%emt 0:07:30]} h5 {[%emt 0:11:30]} 11. Qf3 {[%emt 0:10:30]} Qe7 {[%emt 0:04:30]} 12. O-O {[%emt 0:13:30]} O-O-O {[%emt 0:03:30]} 13. a4 {[%emt 0:02:30]} Rdg8 {[%emt 0:24:07]} 14. a5 {[%emt 0:02:30]} Ng4 {[%emt 0:05:24]} 15. axb6 {[%emt 0:02:30]} axb6 {[%emt 0:00:24]} 16. Ra7 {[%emt 0:21:30]} Bc6 {[%emt 0:03:18]} 17. Qe2 {[%emt 0:06:47]} Kd7 {[%emt 0:06:57]} 18. Bb5 {[%emt 0:12:21]} Nf6 {[%emt 0:02:45]} 1-0